000 00787nam a2200133Ia 4500
008 220620s9999||||xx |||||||||||||| ||und||
020 _a9782890000000
245 0 _aTemporal Cognition: Its Development, Neurocognitive Basis, Relationships to Other Cognitive Domains, and Uniquely Human Aspects
546 _aEnglish[eng]
650 _atemporal cognition||Temporal Perception||temporal reasoning||mental time travel||Spatial-temporal relations||prospection||Time estimation||episodic memory||Motor Timing||Autism Spectrum Disorder
700 _aBrooks,  Patricia J.||DeNigris, Danielle||McDonough, Laraine
856 _uhttps://www.frontiersin.org/research-topics/6943/temporal-cognition-its-development-neurocognitive-basis-relationships-to-other-cognitive-domains-and
942 _cEB
999 _c24218
_d24218